[Event "Sparkassen-Open A"]
[Site "Heusenstamm, Martinsee"]
[Date "2016.11.27"]
[Round "5.14"]
[White "Telljohann, Sven"]
[Black "Chandler, Patrick"]
[Result "1-0"]
[WhiteElo "2408"]
[BlackElo "2107"]
[PlyCount "133"]
[EventDate "2016.??.??"]
[WhiteTeam "Frankfurter TV"]
[BlackTeam "SC Nied"]

1. Nf3 d5 2. g3 c6 3. Bg2 Bf5 4. O-O h6 5. d3 Nf6 6. c4 e6 7. Be3 Nbd7 8. Qb3
Qc7 9. cxd5 exd5 10. Rc1 Bd6 11. Nd4 Nc5 12. Rxc5 Bxc5 13. Nxf5 Bxe3 14. Nxe3
O-O 15. d4 Qb6 16. Nc2 Rfe8 17. Nc3 Qxb3 18. axb3 Re7 19. e3 a6 20. Kf1 Ne8 21.
Nb4 Nd6 22. Nbxd5 cxd5 23. Nxd5 Re6 24. Nc7 Rc8 25. Nxe6 fxe6 26. Ke1 Rc2 27.
Rb1 Kf7 28. Bf3 Ke7 29. Bd1 Rc6 30. Ke2 Rb6 31. Kd3 Nf7 32. Rc1 Kd7 33. Rc5 Nd8
34. f4 Nc6 35. Kc3 Nb4 36. e4 Na2+ 37. Kd2 Nb4 38. Ke3 Nc6 39. h4 Kd6 40. Rc4
Rb5 41. e5+ Kd7 42. g4 Ne7 43. Ke4 g6 44. Bc2 h5 45. gxh5 gxh5 46. b4 Rb6 47.
Ba4+ Kd8 48. Bd1 Nf5 49. Kd3 Nxh4 50. Bxh5 Nf5 51. Bg4 Ne7 52. Ke4 Kd7 53. d5
Nxd5 54. Bxe6+ Kxe6 55. f5+ Kd7 56. Kxd5 Rb5+ 57. Ke4 a5 58. Rd4+ Ke7 59. f6+
Kf7 60. Kf5 axb4 61. Rd7+ Ke8 62. f7+ Kf8 63. Kf6 Rb6+ 64. Rd6 Rc6 65. Rxc6
bxc6 66. e6 c5 67. e7# 1-0

[Event "Sparkassen-Open A"]
[Site "Heusenstamm, Martinsee"]
[Date "2016.11.27"]
[Round "5.15"]
[White "Lorscheid, Gerhard"]
[Black "Zeller, Frank"]
[Result "1/2-1/2"]
[WhiteElo "2197"]
[BlackElo "2402"]
[PlyCount "67"]
[EventDate "2016.??.??"]
[WhiteTeam "Stuttgarter SF"]
[BlackTeam "SK Schwäbisch Hall"]

1. d4 Nf6 2. c4 e6 3. Nc3 Bb4 4. Qb3 c5 5. dxc5 Na6 6. a3 Bxc3+ 7. Qxc3 Nxc5 8.
f3 d6 9. b4 Na4 10. Qb3 Bd7 11. e4 d5 12. exd5 exd5 13. c5 O-O 14. Bd3 b6 15.
c6 Bxc6 16. Ne2 d4 17. O-O b5 18. Rd1 Qb6 19. Bg5 Nd5 20. Rd2 Ndc3 21. Kh1 Bd5
22. Qc2 h6 23. Bh4 Nxe2 24. Rxe2 Rac8 25. Qd2 Rc3 26. Be7 Rfc8 27. Bf5 Be6 28.
Bxe6 fxe6 29. Rae1 R3c6 30. Re4 Rc2 31. Qxd4 Qxd4 32. Rxd4 Rc1 33. Rg1 Kf7 34.
Bd6 1/2-1/2

[Event "Sparkassen-Open A"]
[Site "Heusenstamm, Martinsee"]
[Date "2016.11.27"]
[Round "5.16"]
[White "Margolin, Boris"]
[Black "Hohlbein, Michael"]
[Result "1-0"]
[WhiteElo "2391"]
[BlackElo "2076"]
[PlyCount "81"]
[EventDate "2016.??.??"]
[WhiteTeam "SV Oberursel"]
[BlackTeam "SK Marmstorf"]

1. e4 c5 2. Nf3 Nf6 3. e5 Nd5 4. Nc3 e6 5. Bc4 Nb6 6. Bd3 Nc6 7. O-O d6 8. exd6
Bxd6 9. b3 Qe7 10. Ne4 Bd7 11. Nxd6+ Qxd6 12. Bb2 f6 13. Re1 O-O-O 14. Be2 e5
15. d3 h5 16. Nd2 f5 17. Bf1 Rde8 18. Nf3 Nd5 19. Ng5 Qf6 20. h4 Nf4 21. Qd2
Ng6 22. g3 Nf8 23. Bg2 Ne6 24. Nxe6 Rxe6 25. c3 f4 26. d4 f3 27. dxe5 Nxe5 28.
Bf1 Rd6 29. Qe3 Nc6 30. Red1 Re6 31. Qxc5 Rhe8 32. Ba3 b6 33. Qd5 Qf7 34. Bd6
Rf6 35. Qd2 Ree6 36. Bc4 Rxd6 37. Qxd6 Rxd6 38. Bxf7 Rf6 39. Bd5 Ne7 40. Be4
Bg4 41. Rd3 1-0

[Event "Sparkassen-Open A"]
[Site "Heusenstamm, Martinsee"]
[Date "2016.11.27"]
[Round "5.18"]
[White "Erdmann, Stefan"]
[Black "Osmanodja, Filiz"]
[Result "1/2-1/2"]
[WhiteElo "2155"]
[BlackElo "2308"]
[PlyCount "86"]
[EventDate "2016.??.??"]
[WhiteTeam "SC Bad Soden"]
[BlackTeam "USV TU Dresden"]

1. d4 Nf6 2. c4 e6 3. g3 d5 4. Nf3 Bb4+ 5. Bd2 Be7 6. Bg2 c6 7. Qc2 O-O 8. O-O
b6 9. Bf4 Ba6 10. Nbd2 Nbd7 11. Rfe1 Nh5 12. Be3 f5 13. cxd5 cxd5 14. Qa4 Bb7
15. Ne5 Nxe5 16. dxe5 g5 17. Bd4 Qe8 18. Qxe8 Raxe8 19. Rac1 Rc8 20. Nb3 Ng7
21. Rxc8 Rxc8 22. Rc1 Rxc1+ 23. Nxc1 Ne8 24. e3 Nc7 25. Bf1 Na6 26. Ne2 Nc5 27.
Nc3 a6 28. Be2 Bd8 29. b4 Nd7 30. f4 gxf4 31. exf4 Be7 32. a3 a5 33. Bb5 Nb8
34. Bxb6 axb4 35. axb4 Bxb4 36. Ne2 Ba6 37. Bxa6 Nxa6 38. Kg2 Kf7 39. h3 Nc5
40. Bxc5 Bxc5 41. Nc1 Ba3 42. Nd3 Ke7 43. g4 Kf7 1/2-1/2

[Event "Sparkassen-Open A"]
[Site "Heusenstamm, Martinsee"]
[Date "2016.11.27"]
[Round "5.19"]
[White "Klundt, Klaus"]
[Black "Pfeffer, Marko"]
[Result "1-0"]
[WhiteElo "2300"]
[BlackElo "2071"]
[PlyCount "127"]
[EventDate "2016.??.??"]
[WhiteTeam "SC Heusenstamm"]
[BlackTeam "SC Bergen-Enkheim"]

1. e4 e6 2. d4 d5 3. Nd2 Nc6 4. Ngf3 Nf6 5. e5 Nd7 6. Be2 f6 7. exf6 Qxf6 8.
Nf1 Be7 9. Ne3 O-O 10. O-O Qf7 11. c4 Nd8 12. b3 c6 13. Bb2 g6 14. Ng4 Qg7 15.
Bd3 Nf7 16. Qe2 Nf6 17. Nge5 Nh5 18. g3 Bd6 19. Nxf7 Qxf7 20. Ng5 Qe7 21. f4
Bd7 22. Rae1 Rae8 23. Nf3 Ng7 24. Ne5 Bxe5 25. Qxe5 Rf7 26. Re2 a6 27. Kg2 Qf6
28. Qxf6 Rxf6 29. Rd1 Nf5 30. Bc2 Rf7 31. Re5 h5 32. h3 Rh7 33. Rh1 Kf7 34. Kf2
Rc8 35. c5 Rb8 36. Bd3 Ra8 37. Ree1 Rah8 38. Bc3 Rf8 39. g4 Ne7 40. Kg2 Rfh8
41. Be2 hxg4 42. hxg4 Rxh1 43. Rxh1 Rxh1 44. Kxh1 Kf6 45. Ba5 g5 46. fxg5+ Kxg5
47. Bd8 Kf6 48. Kg2 Kf7 49. Bxe7 Kxe7 50. Kg3 Be8 51. Bd3 Kf6 52. Kf4 Bg6 53.
g5+ Kg7 54. Be2 Bb1 55. a3 Kg6 56. b4 Bc2 57. Bg4 Bf5 58. Bxf5+ exf5 59. a4 Kf7
60. Kxf5 Kg7 61. g6 Kg8 62. Kf6 Kf8 63. g7+ Kg8 64. Kg6 1-0

[Event "Sparkassen-Open A"]
[Site "Heusenstamm, Martinsee"]
[Date "2016.11.27"]
[Round "5.20"]
[White "Pfreundt, Jakob"]
[Black "Köllner, Ruben Gideon"]
[Result "1-0"]
[WhiteElo "2293"]
[BlackElo "1979"]
[PlyCount "113"]
[EventDate "2016.??.??"]
[WhiteTeam "Königsspr. SC"]
[BlackTeam "SG Bochum"]

1. d4 d6 2. Nf3 Nf6 3. c4 Nbd7 4. Nc3 e5 5. e4 Be7 6. Be2 O-O 7. O-O c6 8. Re1
Re8 9. Bg5 h6 10. Bh4 Qb6 11. Qd2 exd4 12. Nxd4 Nxe4 13. Nxe4 Bxh4 14. Nxd6 Rf8
15. Bg4 Bg5 16. f4 Bf6 17. Rad1 Qc7 18. Nxc8 Raxc8 19. Nf3 Qb6+ 20. Qf2 Nc5 21.
Bxc8 Rxc8 22. b3 a5 23. Ne5 a4 24. Nd3 Nd7 25. Qxb6 Nxb6 26. Nc5 axb3 27. axb3
Bc3 28. Re2 Rb8 29. g3 Bb4 30. Nd7 Nxd7 31. Rxd7 g6 32. Kg2 b5 33. Rc7 bxc4 34.
bxc4 c5 35. Ree7 Rf8 36. Red7 Kg7 37. Kf3 h5 38. Ke4 Kf6 39. Kd5 Ba3 40. h3 Bb4
41. g4 hxg4 42. hxg4 Bd2 43. g5+ Kg7 44. Ke4 Bb4 45. Kf3 Ba3 46. Kg4 Bb4 47. f5
gxf5+ 48. Kxf5 Kg8 49. Rc6 Ba3 50. Ra7 Bb4 51. Rb7 Ba3 52. Rcc7 Bb4 53. g6
fxg6+ 54. Kxg6 Ba3 55. Rc6 Bb4 56. Rbc7 Bc3 57. Rxc5 1-0

[Event "Sparkassen-Open A"]
[Site "Heusenstamm, Martinsee"]
[Date "2016.11.27"]
[Round "5.21"]
[White "Zieher, Hartmut"]
[Black "Khudovekov, Maxim"]
[Result "1-0"]
[WhiteElo "2285"]
[BlackElo "1908"]
[PlyCount "45"]
[EventDate "2016.??.??"]
[WhiteTeam "Hamburger SK"]
[BlackTeam "SK Smolensk"]

1. e4 e6 2. d4 d5 3. Nd2 Be7 4. Ngf3 Nf6 5. Bd3 c5 6. c3 Nc6 7. O-O O-O 8. Bc2
b6 9. a3 Bb7 10. e5 Nd7 11. Re1 Qc7 12. Nf1 b5 13. Bg5 Bxg5 14. Bxh7+ Kh8 15.
Nxg5 g6 16. Qg4 Rfe8 17. Nxf7+ Kxh7 18. Ng5+ Kg7 19. Nxe6+ Rxe6 20. Qxe6 cxd4
21. cxd4 Nxd4 22. Qe7+ Kg8 23. e6 1-0

[Event "Sparkassen-Open A"]
[Site "Heusenstamm, Martinsee"]
[Date "2016.11.27"]
[Round "5.22"]
[White "Clitan, Zaharia"]
[Black "Keller, Peter"]
[Result "1/2-1/2"]
[WhiteElo "2083"]
[BlackElo "2269"]
[PlyCount "46"]
[EventDate "2016.??.??"]
[WhiteTeam "SC Flörsheim"]
[BlackTeam "Frankfurter TV"]

1. d4 d5 2. c4 c6 3. cxd5 cxd5 4. Bf4 Nc6 5. e3 Nf6 6. Nc3 Bf5 7. Qb3 Na5 8.
Qa4+ Bd7 9. Bb5 Nc6 10. Nf3 a6 11. Bxc6 Bxc6 12. Qb3 e6 13. h3 Be7 14. O-O O-O
15. Ne5 Nd7 16. Nxc6 bxc6 17. Na4 c5 18. dxc5 Nxc5 19. Nxc5 Bxc5 20. Rac1 Bd6
21. Bxd6 Qxd6 22. Rc2 Rfb8 23. Qd3 Qe5 1/2-1/2

[Event "Sparkassen-Open A"]
[Site "Heusenstamm, Martinsee"]
[Date "2016.11.27"]
[Round "5.23"]
[White "Muckle, Julius"]
[Black "Feicht, Arno"]
[Result "1-0"]
[WhiteElo "2178"]
[BlackElo "1957"]
[PlyCount "63"]
[EventDate "2016.??.??"]
[WhiteTeam "SK Ludwigshafen"]
[BlackTeam "SV Alsfeld"]

1. d4 f5 2. c4 Nf6 3. Nc3 e6 4. g3 Be7 5. Bg2 O-O 6. Nf3 d6 7. O-O a5 8. b3 Qe8
9. Bb2 Qh5 10. Qd3 Nc6 11. Nb5 Nb4 12. Qd1 c6 13. Nc7 Rb8 14. a3 Na6 15. Nxa6
bxa6 16. Bc3 Bd8 17. Nd2 Bd7 18. b4 Bc7 19. Nb3 a4 20. Nd2 c5 21. dxc5 dxc5 22.
bxc5 Qe8 23. e4 Bc6 24. Re1 Nd7 25. exf5 Nxc5 26. Qg4 e5 27. Nf3 Nd7 28. Nxe5
Bxe5 29. Bxc6 Bxc3 30. Rxe8 Nf6 31. Rxf8+ Kxf8 32. Qf4 1-0

[Event "Sparkassen-Open A"]
[Site "Heusenstamm, Martinsee"]
[Date "2016.11.27"]
[Round "5.24"]
[White "Rolf, Marco"]
[Black "Schmitzer, Klaus"]
[Result "0-1"]
[WhiteElo "2055"]
[BlackElo "2285"]
[PlyCount "58"]
[EventDate "2016.??.??"]
[WhiteTeam "SK Bad Homburg"]
[BlackTeam "Bad Vilbeler Sfr"]

1. d4 e6 2. c4 b6 3. Nf3 Bb7 4. g3 f5 5. Bg2 Bb4+ 6. Nbd2 a5 7. O-O Nf6 8. Ne5
Qc8 9. a3 Bxg2 10. Kxg2 Qb7+ 11. Kg1 Bd6 12. Ndf3 a4 13. Be3 O-O 14. Qd3 Be7
15. Qc2 c5 16. Rfd1 Qe4 17. Qc3 Ng4 18. Bf4 d6 19. Nxg4 fxg4 20. Ng5 Bxg5 21.
Bxg5 Nc6 22. dxc5 dxc5 23. Qe3 Qf5 24. Rd6 Nd4 25. Rd1 e5 26. Rxb6 Rf7 27. Rd2
h6 28. Bxh6 gxh6 29. Rxh6 Raf8 0-1

[Event "Sparkassen-Open A"]
[Site "Heusenstamm, Martinsee"]
[Date "2016.11.27"]
[Round "5.25"]
[White "Seickel, Ralf"]
[Black "Budzyn, Matthias"]
[Result "0-1"]
[WhiteElo "2047"]
[BlackElo "2166"]
[PlyCount "106"]
[EventDate "2016.??.??"]
[WhiteTeam "vereinslos"]
[BlackTeam "SG Turm Kiel"]

1. e4 e5 2. Nf3 Nc6 3. Bb5 a6 4. Ba4 Nf6 5. O-O Be7 6. Re1 b5 7. Bb3 d6 8. c3
O-O 9. h3 Na5 10. Bc2 c5 11. d4 Qc7 12. Nbd2 Bd7 13. Nf1 Nc4 14. b3 Nb6 15. Bg5
a5 16. Ng3 g6 17. Nh4 Rfc8 18. Qf3 Kg7 19. Qe3 cxd4 20. cxd4 exd4 21. Qxd4 Qc5
22. Qxc5 Rxc5 23. Be3 Rxc2 24. Bxb6 a4 25. Nf3 d5 26. e5 Ne4 27. Bd4 Be6 28.
Nxe4 dxe4 29. Rxe4 axb3 30. axb3 Rxa1+ 31. Bxa1 Rc1+ 32. Re1 Rxe1+ 33. Nxe1
Bxb3 34. e6+ f6 35. g4 Bxe6 36. Kg2 Bd5+ 37. f3 Kf7 38. Nd3 Bc4 39. Nf2 b4 40.
f4 Bd6 41. Kf3 b3 42. Bb2 Ke6 43. Nd1 Bd5+ 44. Ke3 Bg2 45. h4 Bh3 46. Kf3 f5
47. gxf5+ Bxf5 48. Ne3 h5 49. Nc4 Be7 50. Kg3 Kd5 51. Nd2 Bc2 52. Nf3 Ke4 53.
Ng5+ Bxg5 0-1

[Event "Sparkassen-Open A"]
[Site "Heusenstamm, Martinsee"]
[Date "2016.11.27"]
[Round "5.26"]
[White "Wolf, Ulrich Martin"]
[Black "Cichy, Michael"]
[Result "1-0"]
[WhiteElo "2161"]
[BlackElo "2053"]
[PlyCount "69"]
[EventDate "2016.??.??"]
[WhiteTeam "SC Hansa Dortmund"]
[BlackTeam "SC BS Gliesmarode"]

1. Nf3 Nf6 2. g3 b6 3. Bg2 Bb7 4. O-O e6 5. c4 Be7 6. Nc3 O-O 7. d4 Ne4 8. Qd3
Nxc3 9. Qxc3 c5 10. Rd1 d6 11. dxc5 bxc5 12. Bf4 Qc7 13. Qd3 Rd8 14. Ng5 g6 15.
Ne4 e5 16. Bg5 Bxg5 17. Nxg5 Bxg2 18. Kxg2 Nc6 19. Rd2 Qe7 20. Ne4 Nb4 21. Qf3
Rac8 22. Rad1 Nxa2 23. Nxd6 Rb8 24. Qc6 Nb4 25. Qxc5 h5 26. Qe3 Nc6 27. c5 Rb4
28. Qf3 Nd4 29. Qd5 Rdb8 30. e3 Nb3 31. Rc2 h4 32. c6 h3+ 33. Kxh3 Qc7 34.
Qxf7+ Qxf7 35. Nxf7 1-0

[Event "Sparkassen-Open A"]
[Site "Heusenstamm, Martinsee"]
[Date "2016.11.27"]
[Round "5.27"]
[White "Calvi, Stefan"]
[Black "Hilzinger, Markus"]
[Result "1/2-1/2"]
[WhiteElo "2021"]
[BlackElo "2133"]
[PlyCount "57"]
[EventDate "2016.??.??"]
[WhiteTeam "SF Frankfurt"]
[BlackTeam "SC Pforzheim"]

1. e4 c5 2. c3 Nf6 3. e5 Nd5 4. d4 cxd4 5. Nf3 Nc6 6. cxd4 d6 7. Bc4 e6 8. O-O
Be7 9. Qe2 O-O 10. Rd1 Qc7 11. Bxd5 exd5 12. Nc3 Be6 13. Bf4 a6 14. Rac1 Rad8
15. h3 Rfe8 16. a3 Qb8 17. b4 dxe5 18. Nxe5 Nxe5 19. Bxe5 Bd6 20. Bxd6 Rxd6 21.
Qf3 Rc8 22. Na4 Rdc6 23. Rxc6 Rxc6 24. Nc5 Qc8 25. Re1 b6 26. Nxe6 Rxe6 27.
Rxe6 Qxe6 28. Qf4 h6 29. Kh2 1/2-1/2

[Event "Sparkassen-Open A"]
[Site "Heusenstamm, Martinsee"]
[Date "2016.11.27"]
[Round "5.28"]
[White "Neukirchner, Pascal"]
[Black "Hahn, Florian"]
[Result "1/2-1/2"]
[WhiteElo "2026"]
[BlackElo "2139"]
[PlyCount "26"]
[EventDate "2016.??.??"]
[WhiteTeam "SK Gründau"]
[BlackTeam "SC Herborn"]

1. d4 Nf6 2. c4 g6 3. f3 d5 4. cxd5 Nxd5 5. e4 Nb6 6. Nc3 Bg7 7. Be3 O-O 8. Qd2
e5 9. d5 c6 10. d6 Be6 11. h4 N8d7 12. O-O-O Nf6 13. g4 Qd7 1/2-1/2

[Event "Sparkassen-Open A"]
[Site "Heusenstamm, Martinsee"]
[Date "2016.11.27"]
[Round "5.29"]
[White "Köllner, Christof"]
[Black "Wagner, Dirk"]
[Result "1-0"]
[WhiteElo "2138"]
[BlackElo "2031"]
[PlyCount "47"]
[EventDate "2016.??.??"]
[WhiteTeam "SV Bergneustadt/Derschlag"]
[BlackTeam "SC Matt im Park"]

1. d4 d5 2. Nc3 Nf6 3. Bf4 e6 4. Nb5 Na6 5. e3 c6 6. Nc3 Nb8 7. a3 Bd6 8. Bg3
b6 9. Nf3 Ba6 10. Bxa6 Nxa6 11. Qd3 Nb8 12. e4 dxe4 13. Nxe4 Nxe4 14. Qxe4 Bxg3
15. hxg3 Qd5 16. Qg4 g6 17. Rh6 Nd7 18. Qh4 Qf5 19. O-O-O Qf6 20. Qe4 Rc8 21.
Rdh1 Qg7 22. Ng5 Nf6 23. Qe5 Rd8 24. Rxh7 1-0

[Event "Sparkassen-Open A"]
[Site "Heusenstamm, Martinsee"]
[Date "2016.11.27"]
[Round "5.30"]
[White "Vangsgaard, Bjarke"]
[Black "Tornay Gomez, Josu"]
[Result "1-0"]
[WhiteElo "2022"]
[BlackElo "2121"]
[PlyCount "75"]
[EventDate "2016.??.??"]
[WhiteTeam "Vejlby-Risskov"]
[BlackTeam "SC Herborn"]

1. d4 Nf6 2. Nf3 g6 3. Bf4 Bg7 4. e3 O-O 5. c4 d6 6. Nc3 c6 7. h3 Qa5 8. Be2
Ne4 9. Qb3 c5 10. O-O Nxc3 11. bxc3 Nc6 12. Rab1 e5 13. Bg3 f5 14. Rfd1 Qc7 15.
Rd2 b6 16. Rbd1 Na5 17. Qc2 e4 18. Ne1 cxd4 19. cxd4 g5 20. Bh2 Bb7 21. c5 f4
22. cxb6 Qf7 23. Qc3 axb6 24. Rb1 Bd5 25. Nc2 Bc4 26. Rxb6 Bxe2 27. Rxe2 Nc4
28. Rc6 d5 29. Nb4 fxe3 30. Bg3 Ra3 31. Qc1 Qa7 32. Nxd5 exf2+ 33. Kf1 Rxg3 34.
Qxc4 Qxd4 35. Nf6+ Kh8 36. Qxd4 Rd3 37. Qxf2 e3 38. Qf5 1-0

[Event "Sparkassen-Open A"]
[Site "Heusenstamm, Martinsee"]
[Date "2016.11.27"]
[Round "5.31"]
[White "Schröder, Jürgen"]
[Black "Küpper, Martin"]
[Result "1/2-1/2"]
[WhiteElo "2108"]
[BlackElo "2019"]
[PlyCount "70"]
[EventDate "2016.??.??"]
[WhiteTeam "SC Matt im Park"]
[BlackTeam "SC Fulda"]

1. e4 d5 2. Nc3 d4 3. Nce2 e5 4. Nf3 Nc6 5. Ng3 Bd6 6. c3 Be6 7. Bb5 Nge7 8.
Ng5 Qd7 9. Nh5 O-O 10. Nxe6 Qxe6 11. O-O a6 12. Ba4 Qg6 13. Ng3 b5 14. Bc2 b4
15. c4 d3 16. Bxd3 Bc5 17. Bb1 Rfd8 18. d3 Qd6 19. Be3 a5 20. Bc2 Nd4 21. Ba4
Ne6 22. Nf5 Nxf5 23. exf5 Nd4 24. Bxd4 Bxd4 25. Qe2 Qf6 26. Rad1 Ra6 27. Bb5
Rad6 28. c5 Rd5 29. Rc1 Rxc5 30. Rxc5 Bxc5 31. Rc1 Bb6 32. Qe4 Qd6 33. Rc6 Qd4
34. Qxd4 Rxd4 35. g3 Rd6 1/2-1/2

[Event "Sparkassen-Open A"]
[Site "Heusenstamm, Martinsee"]
[Date "2016.11.27"]
[Round "5.32"]
[White "Rosenberger, Frank"]
[Black "Kornitzky, Tino"]
[Result "1-0"]
[WhiteElo "2104"]
[BlackElo "2018"]
[PlyCount "69"]
[EventDate "2016.??.??"]
[WhiteTeam "SK Gernsheim"]
[BlackTeam "SC Erlangen"]

1. e4 c5 2. Nf3 d6 3. d4 cxd4 4. Nxd4 Nf6 5. Nc3 g6 6. Be3 Bg7 7. f3 O-O 8. Qd2
Nc6 9. Bc4 Bd7 10. O-O-O Ne5 11. Bb3 Rc8 12. h4 h5 13. Bg5 Rc5 14. Kb1 b5 15.
g4 hxg4 16. h5 Nxh5 17. Rxh5 gxh5 18. Nd5 Rxd5 19. Bxd5 gxf3 20. Nf5 Bxf5 21.
exf5 Nc4 22. Qh2 Qd7 23. Qxh5 Rc8 24. Be4 Qc7 25. f6 exf6 26. Bh6 f2 27. Qg4
Kf8 28. Bxg7+ Ke7 29. Qf4 Ne5 30. Bxf6+ Ke8 31. Bxe5 dxe5 32. Qxf2 Qc5 33. Qf6
Qc4 34. Qxe5+ Kf8 35. Rh1 1-0

[Event "Sparkassen-Open A"]
[Site "Heusenstamm, Martinsee"]
[Date "2016.11.27"]
[Round "5.33"]
[White "Stork, Oliver"]
[Black "Benninger, Rudolf"]
[Result "1-0"]
[WhiteElo "2017"]
[BlackElo "2085"]
[PlyCount "89"]
[EventDate "2016.??.??"]
[WhiteTeam "SV Oberursel"]
[BlackTeam "SC Heusenstamm"]

1. c4 g6 2. g3 Bg7 3. Bg2 c5 4. Nc3 Nc6 5. d3 e6 6. e4 Nge7 7. Nge2 d6 8. O-O
O-O 9. Rb1 Rb8 10. a3 a6 11. b4 cxb4 12. axb4 b5 13. cxb5 axb5 14. Be3 d5 15.
exd5 Nxd5 16. Nxd5 exd5 17. Bc5 Re8 18. Nf4 Be6 19. d4 Qd7 20. Ra1 Bh6 21. Nxe6
Qxe6 22. Qf3 Bg7 23. Rfd1 Rbd8 24. Qd3 Qe2 25. Qxe2 Rxe2 26. Ra6 Re6 27. Rb6
Bxd4 28. Rxc6 Bxf2+ 29. Kxf2 Rxc6 30. Rxd5 Rxd5 31. Bxd5 Ra6 32. h4 Kg7 33. Bb7
Rf6+ 34. Ke3 Re6+ 35. Kd4 f5 36. Kd5 Kf6 37. Bd4+ Ke7 38. Kc5 h6 39. Bd5 Re1
40. Bg7 Re3 41. Bxh6 Rxg3 42. Kxb5 Rd3 43. Bc6 Rd6 44. Kc5 Rd1 45. b5 1-0

[Event "Sparkassen-Open A"]
[Site "Heusenstamm, Martinsee"]
[Date "2016.11.27"]
[Round "5.35"]
[White "Mährlein, Christoph"]
[Black "Jordake, Michael"]
[Result "1-0"]
[WhiteElo "2074"]
[BlackElo "1802"]
[PlyCount "57"]
[EventDate "2016.??.??"]
[WhiteTeam "SC Pforzheim"]
[BlackTeam "SC Bergen-Enkheim"]

1. c4 Nf6 2. Nc3 e6 3. g3 c6 4. Bg2 Be7 5. d4 d5 6. Nf3 Nbd7 7. b3 Rb8 8. O-O
O-O 9. Bf4 Ra8 10. Qc2 Nh5 11. Bd2 f5 12. Ne1 Nhf6 13. Nd3 Ne4 14. f3 Nxd2 15.
Qxd2 Bg5 16. e3 dxc4 17. bxc4 Nb6 18. Ne5 Bf6 19. Qe2 Qd6 20. c5 Qc7 21. cxb6
axb6 22. f4 Be7 23. Rfc1 Qd6 24. a4 Qd8 25. Qc4 Rf6 26. Rd1 Qe8 27. e4 c5 28.
d5 Kh8 29. d6 1-0

[Event "Sparkassen-Open A"]
[Site "Heusenstamm, Martinsee"]
[Date "2016.11.27"]
[Round "5.36"]
[White "Bethke, Robert"]
[Black "Schlapp, Thomas"]
[Result "1/2-1/2"]
[WhiteElo "1887"]
[BlackElo "2261"]
[PlyCount "54"]
[EventDate "2016.??.??"]
[WhiteTeam "SC Gelnhausen"]
[BlackTeam "SG Kaiserslautern"]

1. c4 Nf6 2. Nc3 e5 3. Nf3 Nc6 4. g3 g6 5. Bg2 Bg7 6. O-O O-O 7. d3 Re8 8. Rb1
b6 9. b4 Bb7 10. b5 Nd4 11. Nxd4 Bxg2 12. Ne6 Rxe6 13. Kxg2 h6 14. e4 c6 15.
Qf3 Kh7 16. a4 Ng8 17. Qe2 Qe8 18. Bd2 Ne7 19. f4 f5 20. fxe5 Bxe5 21. Qf3 Qh8
22. Ne2 Rf8 23. Qe3 Bg7 24. Nf4 Rd6 25. c5 bxc5 26. Qxc5 Nc8 27. Bb4 g5 1/2-1/2

[Event "Sparkassen-Open A"]
[Site "Heusenstamm, Martinsee"]
[Date "2016.11.27"]
[Round "5.37"]
[White "Kiselev, Alexander S"]
[Black "Skarke, Harald"]
[Result "1-0"]
[WhiteElo "2149"]
[BlackElo "2013"]
[PlyCount "85"]
[EventDate "2016.??.??"]
[WhiteTeam "vereinslos"]
[BlackTeam "SF Neuberg"]

1. e4 c5 2. Nf3 e6 3. d4 cxd4 4. Nxd4 a6 5. Bd3 Nf6 6. O-O Qc7 7. Qe2 d6 8. c4
Nbd7 9. b3 Be7 10. Bb2 b6 11. Nc3 Bb7 12. Rac1 O-O 13. f4 Ne8 14. Nf3 Bf6 15.
Rfe1 Rc8 16. Bb1 Qc5+ 17. Kh1 Qh5 18. h3 Be7 19. Rcd1 Nef6 20. Nd4 Qh4 21. Qf3
Nh5 22. g4 Nxf4 23. Qxf4 Qxh3+ 24. Qh2 Qxh2+ 25. Kxh2 Ne5 26. Kg3 Ng6 27. Nf3
Rfd8 28. Rd2 d5 29. exd5 exd5 30. Bxg6 Bd6+ 31. Kg2 hxg6 32. Red1 Re8 33. Nxd5
Bc5 34. Bd4 Bxd5 35. cxd5 Bb4 36. Rf2 b5 37. Be5 f6 38. Bg3 Rcd8 39. Rc2 Re4
40. d6 Rxg4 41. d7 Be7 42. Rc8 Kf7 43. Kh3 1-0

[Event "Sparkassen-Open A"]
[Site "Heusenstamm, Martinsee"]
[Date "2016.11.27"]
[Round "5.38"]
[White "Huschens, Matthias"]
[Black "Chirita-Mihaila, Marius-Constant"]
[Result "1/2-1/2"]
[WhiteElo "1950"]
[BlackElo "2148"]
[PlyCount "48"]
[EventDate "2016.??.??"]
[WhiteTeam "SG Kaiserslautern"]
[BlackTeam "CSS 1 Timisoara"]

1. d4 c5 2. e3 Nf6 3. Nf3 g6 4. Be2 Bg7 5. c3 b6 6. O-O O-O 7. a4 d5 8. a5 c4
9. axb6 Qxb6 10. Nbd2 Bg4 11. h3 Bxf3 12. Bxf3 Nbd7 13. e4 dxe4 14. Nxe4 Nxe4
15. Bxe4 Rac8 16. Qa4 Rc7 17. Qa3 f5 18. Bf3 e5 19. dxe5 Nxe5 20. Bd5+ Kh8 21.
Be3 Qb5 22. Qa5 Qxa5 23. Rxa5 Nd3 24. Rb5 f4 1/2-1/2

[Event "Sparkassen-Open A"]
[Site "Heusenstamm, Martinsee"]
[Date "2016.11.27"]
[Round "5.39"]
[White "Sanati, Charlotte"]
[Black "Khudovekov, Stanislav"]
[Result "0-1"]
[WhiteElo "1961"]
[BlackElo "2104"]
[PlyCount "156"]
[EventDate "2016.??.??"]
[WhiteTeam "SG Trier"]
[BlackTeam "SK Smolensk"]

1. d4 g6 2. c4 Bg7 3. Nc3 d6 4. e4 Nc6 5. Be3 e5 6. d5 Nb8 7. f3 Nd7 8. Nge2 f5
9. Qd3 Ne7 10. O-O-O O-O 11. h4 Nf6 12. g3 fxe4 13. Nxe4 Nf5 14. Bg5 h6 15.
Bxf6 Bxf6 16. h5 g5 17. Bh3 Ng7 18. Bxc8 Rxc8 19. Kb1 Qe8 20. Rh2 Be7 21. Nf2
Qf7 22. Ng4 Qxf3 23. Nxh6+ Kh8 24. Qg6 Rf6 25. Qxg5 Qe4+ 26. Ka1 Rf2 27. Qg4
Qxg4 28. Nxg4 Rxh2 29. Nxh2 Nxh5 30. g4 Nf6 31. Ng3 Nh7 32. Nf5 Bg5 33. Nf3 Bf6
34. Rg1 e4 35. N3d4 Bxd4 36. Nxd4 Ng5 37. Nf5 Re8 38. Ne3 Kg7 39. Rf1 Kg6 40.
Kb1 Nf3 41. Kc2 Kg5 42. Kd1 Rh8 43. Ke2 Nd4+ 44. Ke1 Rh2 45. Rf2 Nf3+ 46. Ke2
Rh1 47. Rxf3 exf3+ 48. Kxf3 Ra1 49. a3 Rb1 50. b4 Rb3 51. Ke4 Rxa3 52. Nc2 Rb3
53. b5 a5 54. bxa6 bxa6 55. Nd4 Rb7 56. Nc6 Kxg4 57. Kd4 Rb6 58. Na5 Kf4 59.
Kd3 Ke5 60. Ke3 Rb2 61. Nc6+ Kf6 62. Kd3 Kf7 63. Kc3 Rb6 64. Na5 Ke8 65. Kd4
Kd7 66. Kc3 c5 67. dxc6+ Rxc6 68. Kb4 Rb6+ 69. Kc3 Kc7 70. Kd4 Rb1 71. Kd5 Rd1+
72. Ke4 Kb6 73. Nb3 Rb1 74. Nd2 Rb2 75. Nf1 Kc5 76. Kd3 Kb4 77. Kd4 a5 78. Ne3
Rd2+ 0-1

[Event "Sparkassen-Open A"]
[Site "Heusenstamm, Martinsee"]
[Date "2016.11.27"]
[Round "5.40"]
[White "Karsay, Pascal"]
[Black "Will, Jens"]
[Result "1-0"]
[WhiteElo "2099"]
[BlackElo "2011"]
[PlyCount "53"]
[EventDate "2016.??.??"]
[WhiteTeam "Vorw.Orient Mainz"]
[BlackTeam "SK Gernsheim"]

1. e4 e5 2. Nf3 Nc6 3. Bb5 g6 4. d4 exd4 5. Bg5 Be7 6. Bxe7 Qxe7 7. Bxc6 Qb4+
8. c3 dxc3 9. bxc3 Qb2 10. Bd5 Qxa1 11. Qc1 c6 12. Bb3 a5 13. Nd4 a4 14. Nc2
axb3 15. Nxa1 bxa2 16. Na3 d6 17. Qb2 Be6 18. c4 f6 19. Qxa2 b5 20. Qb2 bxc4
21. N1c2 Ne7 22. Qxf6 Kd7 23. O-O c5 24. Nb5 Rhf8 25. Qh4 Ra2 26. Ne3 Rb2 27.
Nxd6 1-0